[Event "SC Rochade Emsdetten 3 - SC Hiltrup 1"]
[Site "Verbandsklasse 2017/2018"]
[Date "2017.10.14"]
[Round "2.1"]
[White "Kammers, Heribert"]
[Black "Lehmann, Mona"]
[Result "1/2-1/2"]
[WhiteElo "1993"]
[BlackElo "1909"]
[PlyCount "47"]
[EventDate "2017.??.??"]
[SourceTitle "Verband Muensterland"]
[SourceDate "2017.09.30"]
[SourceVersion "1"]
[SourceVersionDate "2017.09.30"]
[SourceQuality "1"]

1. Nf3 Nf6 2. b3 g6 3. Bb2 Bg7 4. c4 O-O 5. g3 d6 6. d4 Nbd7 7. Bg2 c6 8. O-O
Qc7 9. Nc3 Rd8 10. e4 e5 11. Re1 Nf8 12. d5 Bg4 13. h3 Bd7 14. Rc1 Nh5 15. Nh2
c5 16. Bf3 Nf6 17. Ng4 Nxg4 18. hxg4 Bc8 19. Rc2 Qe7 20. Bc1 h6 21. Be3 Nh7 22.
Qd2 Ng5 23. Bxg5 hxg5 24. Kg2 1/2-1/2

[Event "SC Rochade Emsdetten 3 - SC Hiltrup 1"]
[Site "Verbandsklasse 2017/2018"]
[Date "2017.10.14"]
[Round "2.2"]
[White "Lücke, Thomas"]
[Black "Junk, Phillip"]
[Result "1/2-1/2"]
[WhiteElo "1828"]
[BlackElo "1825"]
[PlyCount "58"]
[EventDate "2017.??.??"]
[SourceTitle "Verband Muensterland"]
[SourceDate "2017.09.30"]
[SourceVersion "1"]
[SourceVersionDate "2017.09.30"]
[SourceQuality "1"]

1. d4 d5 2. Bf4 e6 3. Nf3 c5 4. e3 Nc6 5. c3 Nf6 6. Nbd2 Be7 7. h3 O-O 8. Bd3
Ne8 9. Ne5 f5 10. g4 c4 11. Bc2 Nxe5 12. Bxe5 Bd6 13. gxf5 exf5 14. Qf3 Be6 15.
Qg3 Qe7 16. Nf3 Rd8 17. Rg1 g6 18. Ng5 a6 19. h4 Nf6 20. Bxd6 Rxd6 21. Nxe6
Rxe6 22. Bxf5 Rb6 23. Rb1 Ne4 24. Qg4 Nxf2 25. Kxf2 Rxf5+ 26. Ke2 Rbf6 27. Rbf1
Rxf1 28. Rxf1 Rxf1 29. Kxf1 Kg7 1/2-1/2

[Event "SC Rochade Emsdetten 3 - SC Hiltrup 1"]
[Site "Verbandsklasse 2017/2018"]
[Date "2017.10.14"]
[Round "2.3"]
[White "Voigt, Stefan"]
[Black "Fehlings, Gerd"]
[Result "0-1"]
[WhiteElo "1794"]
[BlackElo "1754"]
[PlyCount "58"]
[EventDate "2017.??.??"]
[SourceTitle "Verband Muensterland"]
[SourceDate "2017.09.30"]
[SourceVersion "1"]
[SourceVersionDate "2017.09.30"]
[SourceQuality "1"]

1. e4 e6 2. b3 d5 3. Bb2 dxe4 4. Nc3 Nd7 5. Nxe4 Ngf6 6. Nxf6+ Nxf6 7. Nf3 Be7
8. Be2 O-O 9. O-O b6 10. d4 Bb7 11. c4 c5 12. dxc5 Bxc5 13. Qc2 Be7 14. Ne5 Qc7
15. Bf3 Rac8 16. Qe2 Rfd8 17. Rad1 Ne8 18. Bxb7 Qxb7 19. f4 Bc5+ 20. Kh1 Nd6
21. Nd3 Qe4 22. Qxe4 Nxe4 23. g3 Rc7 24. Rde1 Nxg3+ 25. hxg3 Rxd3 26. Re2 Rcd7
27. Rc1 Rxg3 28. f5 Rdd3 29. Rg2 Rh3+ 0-1

[Event "SC Rochade Emsdetten 3 - SC Hiltrup 1"]
[Site "Verbandsklasse 2017/2018"]
[Date "2017.10.14"]
[Round "2.4"]
[White "Colmer, Willi"]
[Black "Junk, Andreas"]
[Result "1/2-1/2"]
[WhiteElo "1773"]
[BlackElo "1753"]
[PlyCount "54"]
[EventDate "2017.??.??"]
[SourceTitle "Verband Muensterland"]
[SourceDate "2017.09.30"]
[SourceVersion "1"]
[SourceVersionDate "2017.09.30"]
[SourceQuality "1"]

1. d4 Nf6 2. c4 e6 3. Nc3 Bb4 4. e3 c5 5. Nf3 Bxc3+ 6. bxc3 b6 7. Bd3 O-O 8. e4
Ne8 9. Bg5 f6 10. Bh4 Qe7 11. O-O Qf7 12. Qe2 Nc6 13. Rab1 Ba6 14. e5 f5 15.
Ng5 Qg6 16. dxc5 h6 17. Nf3 bxc5 18. Qe3 Qf7 19. Qxc5 g5 20. Qa3 Nc7 21. Bxg5
hxg5 22. Nxg5 Qe7 23. Qxe7 Nxe7 24. f4 Ned5 25. Rf3 Ne7 26. Rg3 Kh8 27. Rh3+
Kg8 1/2-1/2

[Event "SC Rochade Emsdetten 3 - SC Hiltrup 1"]
[Site "Verbandsklasse 2017/2018"]
[Date "2017.10.14"]
[Round "2.5"]
[White "Wiltschut, Arne"]
[Black "Schulte, Ralf"]
[Result "1/2-1/2"]
[WhiteElo "1781"]
[BlackElo "1730"]
[PlyCount "76"]
[EventDate "2017.??.??"]
[SourceTitle "Verband Muensterland"]
[SourceDate "2017.09.30"]
[SourceVersion "1"]
[SourceVersionDate "2017.09.30"]
[SourceQuality "1"]

1. d4 d5 2. e3 Nf6 3. f4 Bf5 4. Nf3 c6 5. Bd3 Bxd3 6. Qxd3 e6 7. Nbd2 g6 8. O-O
Bg7 9. c3 O-O 10. e4 dxe4 11. Nxe4 Nxe4 12. Qxe4 Nd7 13. Ne5 Nf6 14. Qe2 Qd5
15. b3 Rad8 16. Bb2 Rfe8 17. Rad1 Qa5 18. a3 Qb6 19. Qc2 Rc8 20. b4 Qc7 21. c4
Red8 22. Qe2 Qe7 23. Rd2 Nd7 24. Re1 Nf6 25. Kh1 Qc7 26. Rc1 Qd6 27. Rcd1 Qc7
28. Rc1 Qb6 29. Rcd1 a6 30. Rc1 Qc7 31. Qf3 Qd6 32. Rdd1 Nd7 33. Rf1 Nf6 34.
Rfe1 Qc7 35. Red1 Ne8 36. Qe2 Qe7 37. Re1 Nd6 38. Rcd1 Nf5 1/2-1/2

[Event "SC Rochade Emsdetten 3 - SC Hiltrup 1"]
[Site "Verbandsklasse 2017/2018"]
[Date "2017.10.14"]
[Round "2.6"]
[White "Bahr, Maximilian"]
[Black "Buchholz, Christian"]
[Result "0-1"]
[WhiteElo "1676"]
[BlackElo "1606"]
[PlyCount "66"]
[EventDate "2017.??.??"]
[SourceTitle "Verband Muensterland"]
[SourceDate "2017.09.30"]
[SourceVersion "1"]
[SourceVersionDate "2017.09.30"]
[SourceQuality "1"]

1. d4 Nf6 2. c4 e6 3. Nc3 Bb4 4. Bg5 h6 5. Bf4 Ne4 6. Qc2 d5 7. Nf3 Nc6 8. e3
Nxc3 9. bxc3 Bd6 10. Bxd6 Qxd6 11. Bd3 O-O 12. O-O e5 13. cxd5 Qxd5 14. c4 Qd6
15. c5 Qf6 16. Qa4 exd4 17. exd4 Rd8 18. Rad1 Bg4 19. Be4 Bxf3 20. Bxf3 Rxd4
21. Rxd4 Nxd4 22. Bxb7 Rd8 23. Qxa7 Qg6 24. Qa5 Ne6 25. c6 Nf4 26. g3 Nh3+ 27.
Kg2 Qe4+ 28. Kxh3 Rd5 29. Qa8+ Kh7 30. f3 Qe2 31. Qa6 Rh5+ 32. Kg4 Qe6+ 33. Kf4
g5# 0-1

[Event "SC Rochade Emsdetten 3 - SC Hiltrup 1"]
[Site "Verbandsklasse 2017/2018"]
[Date "2017.10.14"]
[Round "2.7"]
[White "Haves, Daniel"]
[Black "Willermann, Norbert"]
[Result "1-0"]
[WhiteElo "1604"]
[BlackElo "1620"]
[PlyCount "34"]
[EventDate "2017.??.??"]
[SourceTitle "Verband Muensterland"]
[SourceDate "2017.09.30"]
[SourceVersion "1"]
[SourceVersionDate "2017.09.30"]
[SourceQuality "1"]

1. f4 c5 2. e4 Nc6 3. Nf3 d6 4. Be2 g6 5. c3 Bg7 6. d4 cxd4 7. cxd4 Qb6 8. e5
dxe5 9. fxe5 Bg4 10. Be3 Nxe5 11. Nxe5 Bxe5 12. Bxg4 Qxb2 13. O-O Qxa1 14. Qa4+
Kf8 15. dxe5 Qb2 16. Qc4 f6 17. Bd4 Qa3 1-0

[Event "SC Rochade Emsdetten 3 - SC Hiltrup 1"]
[Site "Verbandsklasse 2017/2018"]
[Date "2017.10.14"]
[Round "2.8"]
[White "Schmidt, Frank"]
[Black "May, Peter"]
[Result "0-1"]
[WhiteElo "1591"]
[BlackElo "1484"]
[PlyCount "54"]
[EventDate "2017.??.??"]
[SourceTitle "Verband Muensterland"]
[SourceDate "2017.09.30"]
[SourceVersion "1"]
[SourceVersionDate "2017.09.30"]
[SourceQuality "1"]

1. d4 Nf6 2. Nf3 d5 3. e3 Bf5 4. Bd3 Bg6 5. Bxg6 hxg6 6. c4 e6 7. a3 c5 8. dxc5
Bxc5 9. b4 Be7 10. c5 Nc6 11. Bb2 Qc7 12. Qa4 Kf8 13. Nc3 Ne5 14. Nxe5 Qxe5 15.
h3 Ne4 16. Qc2 Bf6 17. Nd1 Qg5 18. Bxf6 gxf6 19. g3 Rd8 20. h4 Qe5 21. Ra2 d4
22. Qb2 Nc3 23. Nxc3 dxc3 24. Qe2 Qe4 25. O-O Rd5 26. Rc2 Rg5 27. f3 Qxh4 0-1

[Event "SG Turm Raesfeld/Erle 2 - SK Königsspri"]
[Site "Verbandsklasse 2017/2018"]
[Date "2017.10.14"]
[Round "2.1"]
[White "Lerke, Bernd"]
[Black "Pliete, Christian"]
[Result "1-0"]
[WhiteElo "1842"]
[BlackElo "1839"]
[PlyCount "117"]
[EventDate "2017.??.??"]
[SourceTitle "Verband Muensterland"]
[SourceDate "2017.09.30"]
[SourceVersion "1"]
[SourceVersionDate "2017.09.30"]
[SourceQuality "1"]

1. Nf3 Nf6 2. c4 g6 3. Nc3 Bg7 4. e4 d6 5. Be2 Nc6 6. d3 O-O 7. h4 Bg4 8. Ng1
Bxe2 9. Ngxe2 Qd7 10. f3 h5 11. Be3 Ne5 12. Qd2 a6 13. b3 c5 14. d4 cxd4 15.
Nxd4 Nc6 16. Rd1 Nxd4 17. Bxd4 Qe6 18. O-O Rac8 19. a4 Kh7 20. Rfe1 Bh6 21. Qf2
Bf4 22. g3 Be5 23. Kg2 Bxd4 24. Qxd4 Rc7 25. e5 dxe5 26. Rxe5 Qc6 27. Nd5 Nxd5
28. Rxd5 Re8 29. Qe4 Kg7 30. Qe5+ Kg8 31. Rd8 Rc8 32. Qxe7 Rcxd8 33. Rxd8 Rxd8
34. Qxd8+ Kg7 35. Qd4+ Kg8 36. a5 Qc7 37. b4 Qe7 38. Qd2 Qe6 39. Qc2 Qc6 40.
Qa2 Qd7 41. Qe2 Qa4 42. Qd2 Qb3 43. c5 Qc4 44. Kf2 Qb3 45. Qd4 Qe6 46. Qe4 Qd7
47. Ke3 Kf8 48. g4 hxg4 49. fxg4 Qc7 50. g5 Qg3+ 51. Kd4 Qf2+ 52. Kc3 Qg1 53.
Qf4 Qe1+ 54. Kc4 Qe2+ 55. Kd5 Qd3+ 56. Qd4 Qb3+ 57. Kd6 Qe6+ 58. Kc7 Qc6+ 59.
Kb8 1-0

[Event "SG Turm Raesfeld/Erle 2 - SK Königsspri"]
[Site "Verbandsklasse 2017/2018"]
[Date "2017.10.14"]
[Round "2.2"]
[White "Brömmel, Chris"]
[Black "Sandmann, Matthias"]
[Result "0-1"]
[WhiteElo "1775"]
[BlackElo "1841"]
[PlyCount "86"]
[EventDate "2017.??.??"]
[SourceTitle "Verband Muensterland"]
[SourceDate "2017.09.30"]
[SourceVersion "1"]
[SourceVersionDate "2017.09.30"]
[SourceQuality "1"]

1. e4 e6 2. b3 b6 3. Bb2 Bb7 4. Nc3 d6 5. f4 Nd7 6. Bc4 Nc5 7. Qe2 Nf6 8. d3 a6
9. a4 Be7 10. Nf3 d5 11. b4 dxc4 12. bxc5 cxd3 13. cxd3 Bxc5 14. Rd1 Qe7 15. d4
Bb4 16. Nd2 Rd8 17. Qe3 O-O 18. e5 Ng4 19. Qg3 Nh6 20. Ne2 Nf5 21. Qf2 c5 22.
O-O cxd4 23. Nb3 Ne3 24. Bxd4 Nxd1 25. Rxd1 Qd7 26. Rd3 Qxa4 27. Rh3 Qc6 28.
Rg3 Qe4 29. h4 a5 30. Re3 Qb1+ 31. Nbc1 Rxd4 32. Nxd4 Qxc1+ 33. Kh2 Bd2 34. Re2
Bxf4+ 35. Kh3 Rd8 36. Kg4 Be3 37. Rxe3 Rxd4+ 38. Kg3 h5 39. Re1 Rg4+ 40. Kh3
Qc3+ 41. Re3 Bxg2+ 42. Kh2 Qd4 43. Re2 Qxf2 0-1

[Event "SG Turm Raesfeld/Erle 2 - SK Königsspri"]
[Site "Verbandsklasse 2017/2018"]
[Date "2017.10.14"]
[Round "2.3"]
[White "Kasubke, Manfred"]
[Black "Fasselt, Hendrik"]
[Result "1/2-1/2"]
[WhiteElo "1847"]
[BlackElo "1833"]
[PlyCount "61"]
[EventDate "2017.??.??"]
[SourceTitle "Verband Muensterland"]
[SourceDate "2017.09.30"]
[SourceVersion "1"]
[SourceVersionDate "2017.09.30"]
[SourceQuality "1"]

1. d4 d5 2. c4 e6 3. Nc3 Nf6 4. cxd5 exd5 5. a3 c6 6. e3 Bf5 7. Bd3 Bxd3 8.
Qxd3 Bd6 9. Nf3 Nbd7 10. O-O O-O 11. Re1 Re8 12. e4 dxe4 13. Nxe4 Nxe4 14. Rxe4
Rxe4 15. Qxe4 Qe8 16. Qd3 Nf6 17. Bg5 Nd5 18. Re1 Qd7 19. Qe4 h6 20. Bd2 Nf6
21. Qc2 Re8 22. Ne5 Qc7 23. Qf5 Qc8 24. Qf3 Re6 25. Qb3 Nd5 26. Nf3 Rxe1+ 27.
Bxe1 Qd7 28. Qd3 Qe6 29. Bd2 Nf4 30. Bxf4 Bxf4 31. g3 1/2-1/2

[Event "SG Turm Raesfeld/Erle 2 - SK Königsspri"]
[Site "Verbandsklasse 2017/2018"]
[Date "2017.10.14"]
[Round "2.4"]
[White "Kadenbach, Wolfgang"]
[Black "Mense, Jens-Uwe"]
[Result "0-1"]
[WhiteElo "1726"]
[BlackElo "1802"]
[PlyCount "120"]
[EventDate "2017.??.??"]
[SourceTitle "Verband Muensterland"]
[SourceDate "2017.09.30"]
[SourceVersion "1"]
[SourceVersionDate "2017.09.30"]
[SourceQuality "1"]

1. d4 g6 2. c4 Bg7 3. Nc3 d6 4. e4 Nd7 5. Be3 e5 6. d5 Ne7 7. Qd2 f5 8. g3 fxe4
9. Nxe4 Nf6 10. Nxf6+ Bxf6 11. Bg2 Nf5 12. Ne2 Bd7 13. Nc3 Qe7 14. O-O O-O 15.
a4 a6 16. Rad1 Rf7 17. b3 Raf8 18. Ne4 Nxe3 19. Qxe3 b6 20. Qd2 Bf5 21. Qe2
Bxe4 22. Qxe4 Qd7 23. Rc1 Bg5 24. Rc2 Rb8 25. h4 Bf6 26. Kh2 Qf5 27. Re2 Qxe4
28. Rxe4 Kg7 29. Bh3 Rff8 30. Bd7 Rf7 31. Bc6 Kh6 32. Kg2 g5 33. hxg5+ Bxg5 34.
Rh1+ Kg6 35. Re2 Rbf8 36. b4 Rf3 37. Bb7 Ra3 38. Bxa6 Rxa4 39. Bb5 Rxb4 40. Ra1
Rb3 41. Ra7 Bd8 42. Ra8 Rc3 43. Rc8 Kf6 44. Ra2 h6 45. Rb8 Ke7 46. Re2 Kf6 47.
Ra2 Ke7 48. f4 Rg8 49. fxe5 Rcxg3+ 50. Kh2 dxe5 51. Ra7 R3g5 52. Ra3 Kd6 53.
Rf3 e4 54. Rxd8+ Rxd8 55. Rf6+ Ke5 56. Re6+ Kf4 57. Rxh6 Rg7 58. Rh4+ Kf3 59.
Bc6 Rdg8 60. Rh3+ Kf2 0-1

[Event "SG Turm Raesfeld/Erle 2 - SK Königsspri"]
[Site "Verbandsklasse 2017/2018"]
[Date "2017.10.14"]
[Round "2.5"]
[White "Holstegge, Ludger"]
[Black "Tünte, Marcel"]
[Result "1/2-1/2"]
[WhiteElo "1803"]
[BlackElo "1784"]
[PlyCount "44"]
[EventDate "2017.??.??"]
[SourceTitle "Verband Muensterland"]
[SourceDate "2017.09.30"]
[SourceVersion "1"]
[SourceVersionDate "2017.09.30"]
[SourceQuality "1"]

1. c4 e6 2. d4 d5 3. Nc3 Nf6 4. Bg5 Be7 5. e3 O-O 6. Nf3 c6 7. Bd3 Nbd7 8. O-O
dxc4 9. Bxc4 Nd5 10. Bxe7 Qxe7 11. Rc1 N7b6 12. Bb3 Bd7 13. a3 Rac8 14. Ne4
Rfd8 15. Ba2 Be8 16. Qe2 f6 17. Nc5 Bf7 18. g3 Rb8 19. Kg2 Nd7 20. b4 Nxc5 21.
Rxc5 Rbc8 22. Rfc1 Qd7 1/2-1/2

[Event "SG Turm Raesfeld/Erle 2 - SK Königsspri"]
[Site "Verbandsklasse 2017/2018"]
[Date "2017.10.14"]
[Round "2.6"]
[White "Droste, Laurenz"]
[Black "Hols, Bernhard"]
[Result "0-1"]
[WhiteElo "1646"]
[BlackElo "1773"]
[PlyCount "66"]
[EventDate "2017.??.??"]
[SourceTitle "Verband Muensterland"]
[SourceDate "2017.09.30"]
[SourceVersion "1"]
[SourceVersionDate "2017.09.30"]
[SourceQuality "1"]

1. f4 d5 2. e3 e6 3. b3 Nf6 4. Bb2 Bd6 5. Nf3 a5 6. c4 c6 7. Bd3 Na6 8. O-O Nc5
9. Bc2 O-O 10. Ne5 Ncd7 11. Ng4 Qe7 12. Qf3 Nxg4 13. Qxg4 f5 14. Qh3 b5 15. g4
g6 16. cxb5 cxb5 17. Nc3 b4 18. Ne2 Ba6 19. Rf2 Nc5 20. gxf5 exf5 21. Rg2 Nd3
22. Bd4 Rac8 23. Ng3 Qe6 24. Bd1 Nxf4 25. Qh6 Rc7 26. Bf3 Nxg2 27. Kxg2 Be5 28.
Bxe5 Qxe5 29. d4 Qd6 30. Nh5 Rc2+ 31. Be2 Rxe2+ 32. Kf3 Qe7 33. Rg1 Qe4+ 0-1

[Event "SG Turm Raesfeld/Erle 2 - SK Königsspri"]
[Site "Verbandsklasse 2017/2018"]
[Date "2017.10.14"]
[Round "2.7"]
[White "Schmidt, Ralf"]
[Black "Grömping, Franz-Josef"]
[Result "1/2-1/2"]
[WhiteElo "1509"]
[BlackElo "1645"]
[PlyCount "33"]
[EventDate "2017.??.??"]
[SourceTitle "Verband Muensterland"]
[SourceDate "2017.09.30"]
[SourceVersion "1"]
[SourceVersionDate "2017.09.30"]
[SourceQuality "1"]

1. d4 d5 2. Bf4 Nf6 3. Nf3 e6 4. e3 c5 5. c3 Nc6 6. Bd3 Bd7 7. Nbd2 cxd4 8.
exd4 Be7 9. Qe2 O-O 10. Ne5 Nxe5 11. dxe5 Ne8 12. Nf3 g6 13. O-O Ng7 14. Rac1
f6 15. exf6 Bxf6 16. Be5 Bc6 17. Nd4 1/2-1/2

[Event "SG Turm Raesfeld/Erle 2 - SK Königsspri"]
[Site "Verbandsklasse 2017/2018"]
[Date "2017.10.14"]
[Round "2.8"]
[White "Hoffmann, Fabian"]
[Black "Keller, Hansjürgen"]
[Result "0-1"]
[WhiteElo "1729"]
[BlackElo "1637"]
[PlyCount "104"]
[EventDate "2017.??.??"]
[SourceTitle "Verband Muensterland"]
[SourceDate "2017.09.30"]
[SourceVersion "1"]
[SourceVersionDate "2017.09.30"]
[SourceQuality "1"]

1. e4 c5 2. Nf3 e6 3. d4 cxd4 4. Nxd4 a6 5. Nc3 Qc7 6. a3 Nf6 7. Be3 d6 8. Be2
Be7 9. Qd2 Nc6 10. O-O O-O 11. f4 Nxd4 12. Bxd4 e5 13. Be3 b5 14. f5 Bb7 15.
Bf3 Rac8 16. g4 Qc4 17. Qg2 Kh8 18. g5 Nd7 19. Qh3 g6 20. fxg6 fxg6 21. Qxd7
Rc7 22. Qg4 Bd8 23. Be2 Rxf1+ 24. Rxf1 Qg8 25. Bb6 Bc8 26. Qf3 Rxc3 27. Qxc3
Bxb6+ 28. Kh1 Bb7 29. Qf3 Bd8 30. h4 Be7 31. Bd3 Kg7 32. b3 d5 33. Kh2 Qe6 34.
b4 Bc6 35. Re1 d4 36. Rf1 Bd7 37. Rf2 Be8 38. Bf1 Bc6 39. Bh3 Qc4 40. h5 Be8
41. hxg6 Bxg6 42. Qg4 Qc6 43. Bg2 Be8 44. Bf3 Bd7 45. Qg3 Qd6 46. Bh5 Be6 47.
Rf3 Qc7 48. Kg1 Qd6 49. g6 h6 50. Qf2 Bg5 51. Rf7+ Kg8 52. Rh7 Be3 0-1

[Event "Südlohner SV 2 - SC Falke Saerbeck 1"]
[Site "Verbandsklasse 2017/2018"]
[Date "2017.10.14"]
[Round "2.1"]
[White "Fayazi, Shahriar"]
[Black "Sparwel, Oliver"]
[Result "1-0"]
[WhiteElo "1964"]
[BlackElo "1882"]
[PlyCount "65"]
[EventDate "2017.??.??"]
[SourceTitle "Verband Muensterland"]
[SourceDate "2017.09.30"]
[SourceVersion "1"]
[SourceVersionDate "2017.09.30"]
[SourceQuality "1"]

1. c4 e5 2. g3 Nc6 3. Bg2 g6 4. Nc3 Bg7 5. d3 d6 6. e3 h5 7. h4 Nh6 8. Nge2 O-O
9. Rb1 Ne7 10. b4 c6 11. d4 Qc7 12. O-O a5 13. b5 c5 14. b6 Qd8 15. dxe5 dxe5
16. Ba3 Bf5 17. e4 Be6 18. Bxc5 Re8 19. Nd5 Bxd5 20. cxd5 Nc8 21. d6 Qd7 22.
Qd5 Rd8 23. Rfd1 Bf8 24. Nc3 Qe6 25. Nb5 Qxd5 26. Rxd5 f6 27. Bh3 Kf7 28. Nc7
Rb8 29. Rbd1 f5 30. f4 exf4 31. e5 fxg3 32. e6+ Kf6 33. Bd4# 1-0

[Event "Südlohner SV 2 - SC Falke Saerbeck 1"]
[Site "Verbandsklasse 2017/2018"]
[Date "2017.10.14"]
[Round "2.2"]
[White "Emming, Benedikt"]
[Black "Fischer, Andreas"]
[Result "0-1"]
[WhiteElo "1799"]
[BlackElo "1912"]
[PlyCount "66"]
[EventDate "2017.??.??"]
[SourceTitle "Verband Muensterland"]
[SourceDate "2017.09.30"]
[SourceVersion "1"]
[SourceVersionDate "2017.09.30"]
[SourceQuality "1"]

1. e4 e5 2. Nf3 d6 3. d4 Nf6 4. Nc3 Nbd7 5. Bg5 Be7 6. Be2 O-O 7. O-O c6 8. Re1
Qc7 9. h3 Re8 10. dxe5 dxe5 11. Bc4 Nc5 12. a3 Be6 13. Bxe6 Nxe6 14. Bxf6 Bxf6
15. Qe2 Nd4 16. Nxd4 exd4 17. Nd1 Rad8 18. Qd3 c5 19. b3 a6 20. a4 Re6 21. a5
Rde8 22. Nb2 Qc6 23. f3 Qc7 24. Nc4 Qg3 25. Nd2 Bh4 26. Nf1 Qf4 27. Re2 f5 28.
Qc4 Kh8 29. Qxc5 fxe4 30. Qxd4 Bf6 31. Qd2 Qxd2 32. Nxd2 Bxa1 33. Nxe4 Kg8 0-1

[Event "Südlohner SV 2 - SC Falke Saerbeck 1"]
[Site "Verbandsklasse 2017/2018"]
[Date "2017.10.14"]
[Round "2.3"]
[White "Waltermann, Jens"]
[Black "Harbers, Gerard"]
[Result "0-1"]
[WhiteElo "1842"]
[BlackElo "1844"]
[PlyCount "118"]
[EventDate "2017.??.??"]
[SourceTitle "Verband Muensterland"]
[SourceDate "2017.09.30"]
[SourceVersion "1"]
[SourceVersionDate "2017.09.30"]
[SourceQuality "1"]

1. Nf3 Nf6 2. g3 d5 3. Bg2 g6 4. O-O Bg7 5. d4 O-O 6. c3 Nbd7 7. Re1 c5 8. Nbd2
cxd4 9. cxd4 b6 10. b4 Bb7 11. Bb2 Rc8 12. Qb3 b5 13. e3 Nb6 14. Rec1 Nc4 15.
Nxc4 dxc4 16. Qd1 Qd6 17. Qe1 Be4 18. Bc3 Qd5 19. Nh4 g5 20. Bxe4 Nxe4 21. Ng2
e5 22. Rd1 Nxc3 23. Qxc3 Rfd8 24. Qc2 exd4 25. exd4 Bxd4 26. Rab1 Qe5 27. Re1
Qf6 28. Re2 Bb6 29. Rbe1 Kg7 30. Ne3 Bxe3 31. Rxe3 Rd5 32. Kg2 Rcd8 33. R1e2
Rd3 34. Qb2 Qxb2 35. Rxb2 Rxe3 36. fxe3 c3 37. Rb1 Rd2+ 38. Kf3 Rxa2 39. Rc1 c2
40. Ke4 Rb2 41. Kd5 Rxb4 42. Rxc2 a5 43. e4 a4 44. Ra2 Rb3 45. Kc5 Kf6 46. Rf2+
Ke6 47. h4 Rxg3 48. Kxb5 gxh4 49. Kxa4 Re3 50. Kb4 Rxe4+ 51. Kc3 f5 52. Kd3 Kf6
53. Rg2 Re7 54. Rg1 h5 55. Rg2 f4 56. Rg1 Kf5 57. Rh1 Re3+ 58. Kd2 h3 59. Rh2
Kg4 0-1

[Event "Südlohner SV 2 - SC Falke Saerbeck 1"]
[Site "Verbandsklasse 2017/2018"]
[Date "2017.10.14"]
[Round "2.4"]
[White "Richters, Alfred"]
[Black "Bartsch, Jan"]
[Result "1-0"]
[WhiteElo "1873"]
[BlackElo "1687"]
[PlyCount "75"]
[EventDate "2017.??.??"]
[SourceTitle "Verband Muensterland"]
[SourceDate "2017.09.30"]
[SourceVersion "1"]
[SourceVersionDate "2017.09.30"]
[SourceQuality "1"]

1. d4 c6 2. e4 d5 3. f3 Nd7 4. e5 e6 5. c3 Qb6 6. Bd3 c5 7. Ne2 a6 8. a3 Ne7 9.
f4 Nc6 10. Bc2 f5 11. Qd3 Be7 12. O-O Nf8 13. Kh1 c4 14. Qd1 Bd7 15. Nd2 Rc8
16. Ng3 Ng6 17. Nh5 O-O 18. Rf3 Be8 19. Rh3 Qd8 20. Nf3 Nh4 21. Ng1 Ng6 22. Qe2
b5 23. Bd2 a5 24. g4 Nh4 25. Ng3 Ng6 26. gxf5 exf5 27. Nxf5 Bd7 28. e6 Be8 29.
Nf3 Qc7 30. Ne5 Ngxe5 31. fxe5 Bg6 32. Rf1 Bxf5 33. Bxf5 h6 34. Qg4 Bg5 35.
Bxg5 Nxe5 36. dxe5 Qxe5 37. Re3 Qxf5 38. Rxf5 1-0

[Event "Südlohner SV 2 - SC Falke Saerbeck 1"]
[Site "Verbandsklasse 2017/2018"]
[Date "2017.10.14"]
[Round "2.5"]
[White "Roos, Wilfried"]
[Black "Telöken, Stefan"]
[Result "1/2-1/2"]
[WhiteElo "1693"]
[BlackElo "1740"]
[PlyCount "23"]
[EventDate "2017.??.??"]
[SourceTitle "Verband Muensterland"]
[SourceDate "2017.09.30"]
[SourceVersion "1"]
[SourceVersionDate "2017.09.30"]
[SourceQuality "1"]

1. d4 d5 2. Nf3 Nf6 3. c4 e6 4. Bg5 Be7 5. Nc3 O-O 6. e3 c6 7. Bd3 dxc4 8. Bxc4
b5 9. Bd3 h6 10. h4 a6 11. a3 Nd5 12. Bxe7 1/2-1/2

[Event "Südlohner SV 2 - SC Falke Saerbeck 1"]
[Site "Verbandsklasse 2017/2018"]
[Date "2017.10.14"]
[Round "2.6"]
[White "Schmeing, Manfred"]
[Black "Henschen, Daniel"]
[Result "1/2-1/2"]
[WhiteElo "1706"]
[BlackElo "1614"]
[PlyCount "99"]
[EventDate "2017.??.??"]
[SourceTitle "Verband Muensterland"]
[SourceDate "2017.09.30"]
[SourceVersion "1"]
[SourceVersionDate "2017.09.30"]
[SourceQuality "1"]

1. e4 e6 2. d3 d5 3. Nc3 Nf6 4. Bd2 c5 5. Nf3 Nc6 6. g3 a6 7. a4 d4 8. Nb1 e5
9. Bg2 h6 10. O-O Be6 11. h3 Be7 12. Kh2 Rb8 13. b3 b5 14. Ng1 c4 15. f4 cxb3
16. cxb3 bxa4 17. bxa4 O-O 18. Nf3 Nd7 19. fxe5 Ndxe5 20. Nxe5 Nxe5 21. Bf4 Qa5
22. Nd2 Rb2 23. Nf3 Ng4+ 24. hxg4 Bxg4 25. Qc1 Qh5+ 26. Kg1 Rfb8 27. Bxb8 Rxb8
28. Qc7 Re8 29. Qe5 Bxf3 30. Qxh5 Bxh5 31. Rf5 Be2 32. Bf1 Bg4 33. Ra5 Bc8 34.
Rc1 Bb4 35. Rd5 Bc3 36. Rc5 a5 37. R1xc3 dxc3 38. Rxc3 Bd7 39. Rc5 Ra8 40. Rc4
Be6 41. Rc3 Bd7 42. Rc4 Ra6 43. Be2 Kf8 44. Kf2 Rc6 45. Rxc6 Bxc6 46. Bd1 Ke7
47. Ke3 Kd6 48. d4 f6 49. Kf4 Bd7 50. g4 1/2-1/2

[Event "Südlohner SV 2 - SC Falke Saerbeck 1"]
[Site "Verbandsklasse 2017/2018"]
[Date "2017.10.14"]
[Round "2.7"]
[White "Menz, Robert"]
[Black "Musholt, Joachim"]
[Result "1/2-1/2"]
[WhiteElo "1604"]
[BlackElo "1726"]
[PlyCount "78"]
[EventDate "2017.??.??"]
[SourceTitle "Verband Muensterland"]
[SourceDate "2017.09.30"]
[SourceVersion "1"]
[SourceVersionDate "2017.09.30"]
[SourceQuality "1"]

1. d4 Nf6 2. c4 g6 3. Nc3 Bg7 4. Nf3 O-O 5. e4 d6 6. Bd3 Nbd7 7. O-O e5 8. d5
Nc5 9. Bc2 a5 10. h3 Nh5 11. Ne2 f5 12. exf5 gxf5 13. Bg5 Qe8 14. Qd2 Nf6 15.
Ng3 f4 16. Bxf6 Rxf6 17. Ne4 Nxe4 18. Bxe4 Qh5 19. Kh2 Rh6 20. Ng1 Bf6 21. Rac1
b6 22. Qd1 Bg4 23. Bf3 Bxf3 24. Nxf3 Kh8 25. Ng1 Qf5 26. g4 Qd7 27. f3 Bh4 28.
Qd3 Qe7 29. Qe4 Rf8 30. a3 Bg3+ 31. Kg2 Qh4 32. b4 axb4 33. axb4 Bh2 34. Kxh2
Qg3+ 35. Kh1 Rxh3+ 36. Nxh3 Qxh3+ 37. Kg1 Qg3+ 38. Kh1 Rf6 39. g5 Qh3+ 1/2-1/2

[Event "SC Klein-Berlin Rheine 2 - SK Gescher 1"]
[Site "Verbandsklasse 2017/2018"]
[Date "2017.10.14"]
[Round "2.1"]
[White "Eißing, Christoph"]
[Black "Ratert, Matthias"]
[Result "1-0"]
[WhiteElo "1991"]
[BlackElo "1868"]
[PlyCount "61"]
[EventDate "2017.??.??"]
[SourceTitle "Verband Muensterland"]
[SourceDate "2017.09.30"]
[SourceVersion "1"]
[SourceVersionDate "2017.09.30"]
[SourceQuality "1"]

1. e4 e5 2. d4 exd4 3. Qxd4 Nc6 4. Qe3 g6 5. Nc3 Bg7 6. Bc4 Nd4 7. Bd3 Ne7 8.
Bd2 O-O 9. O-O-O c5 10. h4 b5 11. Nf3 Re8 12. Qf4 Ne6 13. Qg3 c4 14. Be2 b4 15.
Nb5 d5 16. exd5 Qxd5 17. Nd6 Nf5 18. Nxf5 c3 19. Bxc3 Qxf5 20. Bxg7 Kxg7 21.
Bd3 Qa5 22. Qe5+ Qxe5 23. Nxe5 Bb7 24. Bc4 Bxg2 25. Rhg1 Be4 26. Rd7 Rac8 27.
Rxf7+ Kg8 28. Rxa7 Rxc4 29. Nxc4 Nd4 30. Re1 Nxc2 31. Nd6 1-0